000 00507nam a22001937a 4500
003 OSt
005 20260425140114.0
008 240130b |||||||| |||| 00| 0 eng d
020 _a9788196344306
100 _aSINGH, RAMANDEEP
245 _aTEXTBOOK OF COMMUNITY PHARMACY AND MANAGEMENT
260 _aDELHI
_bCBS PUB.
_c2024
300 _aix,243
650 _aCOMMUNITY PHARMACY AND MANAGEMENT
700 _aMEHRA, MEENAKSHI
700 _aJOSHI, SWATA
700 _aKAKER, SATINDER
942 _2ddc
_cBK
999 _c12210
_d12210